000 00662nam a22001817a 4500
003 BD-DhSAU
005 20210901162421.0
008 210901b xxu||||| |||| 00| 0 eng d
020 _a9789849490708
040 _aBD-DhSAU
082 _222
_a630
_bH27
100 _4হাসান, সাজ্জাদুল
245 _aআমার বাবা ও একাত্তরের অম্লান স্মৃতি
_bসাজ্জাদুল হাসান
300 _a21 cm.
_bill. ; 100 p.
590 _aরই
650 _2আমার বাবা ও একাত্তরের অম্লান স্মৃতি
942 _2ddc
_cBOOK
999 _c15058
_d15057